Transient radiation and scattering of electromagnetic waves /
Saved in:
| Main Author: | |
|---|---|
| Format: | Thesis |
| Language: | English |
| Published: |
Egypt:
Faculty of Engineering, Al-Azhar University,
2000
|
| Subjects: | |
| Tags: |
Add Tag
No Tags, Be the first to tag this record!
|
| LEADER | 011930000a22002770004500 | ||
|---|---|---|---|
| 008 | 141225t2000 ua a g m 000 0 eng d | ||
| 040 | |a UIAM |b eng |e rda | ||
| 050 | 0 | |a QC760 | |
| 100 | 1 | |a Abd El-Raouf, Hany Essam El-Din, |e author | |
| 245 | 1 | 0 | |a Transient radiation and scattering of electromagnetic waves / |c by Hany Essam El-Din Abd El-Raouf |
| 264 | 1 | |a Egypt: |b Faculty of Engineering, Al-Azhar University, |c 2000 | |
| 300 | |a vii, 178 page : |b illustrations ; |c 30 cm. | ||
| 336 | |2 rdacontent |a text | ||
| 337 | |2 rdamedia |a unmediated | ||
| 338 | |2 rdacarrier |a volume | ||
| 500 | |a "A thesis submitted for the degree of Doctor of Philosophy."--On title page. | ||
| 502 | |a Thesis (Ph. D.)--Al-Azhar University, 2000 | ||
| 504 | |a Includes bibliographical references (page 169-178). | ||
| 596 | |a 1 | ||
| 650 | 0 | |a Electromagnetism |x Mathematical models | |
| 650 | 0 | |a Electromagnetic waves |x Computer simulation | |
| 650 | 0 | |a Electronics |x Materials Electric properties | |
| 655 | |a Theses, non-IIUM | ||
| 900 | |a hj-lfr | ||
| 999 | |c 432747 |d 466018 | ||
| 952 | |0 0 |6 T QC 000760 A1356T 2000 |7 0 |8 THESES |9 752091 |a IIUM |b IIUM |c MULTIMEDIA |g 0.00 |o t QC 760 A1356T 2000 |p 00011195956 |r 2017-10-20 |t 1 |v 0.00 |y THESIS | ||
